Tortured for Christ / (Record no. 6393)
[ view plain ]
| 000 -LEADER | |
|---|---|
| fixed length control field | 01012nam a22002657a 4500 |
| 003 - CONTROL NUMBER IDENTIFIER | |
| control field | GBCCL |
| 005 - DATE AND TIME OF LATEST TRANSACTION | |
| control field | 20241126110602.0 |
| 008 - FIXED-LENGTH DATA ELEMENTS--GENERAL INFORMATION | |
| fixed length control field | 180511b ||||| |||| 00| 0 eng d |
| 020 ## - INTERNATIONAL STANDARD BOOK NUMBER | |
| International Standard Book Number | 9780882643267 |
| 040 ## - CATALOGING SOURCE | |
| Transcribing agency | gbc |
| 082 ## - DEWEY DECIMAL CLASSIFICATION NUMBER | |
| Classification number | 272.9092 |
| Item number | WUR |
| 100 ## - MAIN ENTRY--PERSONAL NAME | |
| Personal name | Wurmbrand, Richard |
| 9 (RLIN) | 5052 |
| 245 ## - TITLE STATEMENT | |
| Title | Tortured for Christ / |
| Statement of responsibility, etc. | Richard Wurmbrand |
| 260 ## - PUBLICATION, DISTRIBUTION, ETC. | |
| Name of publisher, distributor, etc. | Living Sacrifice Book Company, |
| Place of publication, distribution, etc. | Bartlesville: |
| Date of publication, distribution, etc. | 1998 |
| 300 ## - PHYSICAL DESCRIPTION | |
| Extent | 170 p.; |
| Other physical details | ill., port., |
| Dimensions | 23 cm. |
| 650 ## - SUBJECT ADDED ENTRY--TOPICAL TERM | |
| Topical term or geographic name entry element | Wurmbrand, Richard |
| 9 (RLIN) | 5052 |
| 650 ## - SUBJECT ADDED ENTRY--TOPICAL TERM | |
| Topical term or geographic name entry element | Lutheran Church |
| Form subdivision | Romania |
| General subdivision | Clergy |
| -- | Biography |
| 9 (RLIN) | 11452 |
| 650 ## - SUBJECT ADDED ENTRY--TOPICAL TERM | |
| Topical term or geographic name entry element | Persecution |
| Form subdivision | Romania |
| General subdivision | History |
| Chronological subdivision | 20th century |
| 9 (RLIN) | 11453 |
| 650 ## - SUBJECT ADDED ENTRY--TOPICAL TERM | |
| Topical term or geographic name entry element | Political Prisoners |
| Form subdivision | Romania |
| General subdivision | Biography |
| 9 (RLIN) | 11454 |
| 650 ## - SUBJECT ADDED ENTRY--TOPICAL TERM | |
| Topical term or geographic name entry element | Communism and Christianity |
| Form subdivision | Romania |
| General subdivision | History |
| Chronological subdivision | 20th century |
| 9 (RLIN) | 11455 |
| 650 ## - SUBJECT ADDED ENTRY--TOPICAL TERM | |
| Topical term or geographic name entry element | Communism and Christianity |
| Geographic subdivision | Europe, Eastern |
| General subdivision | History |
| Chronological subdivision | 20th century |
| 9 (RLIN) | 11456 |
| 650 ## - SUBJECT ADDED ENTRY--TOPICAL TERM | |
| Topical term or geographic name entry element | Romania |
| General subdivision | Church History |
| Chronological subdivision | 20th century |
| 9 (RLIN) | 11457 |
| 650 ## - SUBJECT ADDED ENTRY--TOPICAL TERM | |
| Topical term or geographic name entry element | Europe, Eastern |
| General subdivision | Church History |
| Chronological subdivision | 20th century |
| 9 (RLIN) | 11458 |
| 942 ## - ADDED ENTRY ELEMENTS (KOHA) | |
| Source of classification or shelving scheme | Dewey Decimal Classification |
| Koha item type | Books |
| Koha issues (borrowed), all copies | 1 |
| Withdrawn status | Lost status | Source of classification or shelving scheme | Damaged status | Not for loan | Home library | Current Library | Shelving location | Date acquired | Total checkouts | Full call number | Barcode | Date last seen | Date last checked out | Copy number | Price effective from | Koha item type |
|---|---|---|---|---|---|---|---|---|---|---|---|---|---|---|---|---|
| Dewey Decimal Classification | GRACE BIBLE COLLEGE | GRACE BIBLE COLLEGE | Church History | 2018-05-11 | 2 | 272.9092 WUR | 012567 | 2025-05-01 | 2025-02-03 | c.1 | 2018-05-11 | Books |